[Event "Swiss Queens Wed #2"]
[Site "FIDE Online Arena INT"]
[Date "2024.02.07"]
[Round "4"]
[White "Zhukova, Natalia"]
[Black "Mkrtchyan, Mariam"]
[Result "1/2-1/2"]
[WhiteElo "2301"]
[BlackElo "2344"]
[PlyCount "125"]
[EventDate "2024.02.07"]
[EventType "swiss (blitz)"]
[EventRounds "11"]
[EventCountry "NET"]
[SourceTitle "CB07_2024"]
[SourceDate "2024.02.14"]
[SourceVersion "1"]
[SourceVersionDate "2024.02.14"]
[SourceQuality "1"]

1. c4 e6 2. Nf3 d5 3. g3 Nd7 4. b3 Ngf6 5. Bg2 Be7 6. 0-0 0-0 7. Bb2 c6 8. d3 b6 9. Nbd2 Bb7 10. e3 a5 11. e4 a4 12. e5 Ne8 13. d4 c5 14. cxd5 Bxd5 15. Qc2 Qc8 16. bxa4 Qa6 17. Rfb1 Qxa4 18. Qxa4 Rxa4 19. a3 Nc7 20. Bc3 Rfa8 21. dxc5 Bxc5 22. Nb3 Rxa3 23. Nxc5 bxc5 24. Nd2 Rxa1 25. Bxa1 h6 26. Rc1 Bxg2 27. Kxg2 Nd5 28. Ne4 Ra2 29. Bc3 c4 30. Kg1 N7b6 31. Nd6 Nxc3 32. Rxc3 Ra5 33. f4 g5 34. Kf2 Ra2+ 35. Kf3 Rxh2 36. Nxc4 Nxc4 37. Rxc4 Kg7 38. Rc8 gxf4 39. gxf4 Rh3+ 40. Kg4 Rb3 41. Rc7 Rb1 42. Rd7 Rg1+ 43. Kh4 Kg6 44. Rc7 Rf1 45. Kg4 h5+ 46. Kg3 Rg1+ 47. Kf3 h4 48. Rc8 Rg3+ 49. Ke4 Kg7 50. Rc1 Rg6 51. Rh1 Rh6 52. Kf3 Kg6 53. Rg1+ Kh7 54. Rh1 h3 55. Kg3 Kg6 56. Rxh3 Rxh3+ 57. Kxh3 Kf5 58. Kg3 Ke4 59. Kg4 Ke3 60. Kg5 Ke4 61. Kg4 Ke3 62. Kg5 Ke4 63. Kg4 1/2-1/2

[Event "Swiss Queens Wed #1"]
[Site "FIDE Online Arena INT"]
[Date "2024.01.31"]
[Round "6"]
[White "Travkina, Anastasia"]
[Black "Zhukova, Natalia"]
[Result "1-0"]
[WhiteElo "2202"]
[BlackElo "2301"]
[PlyCount "55"]
[EventDate "2024.01.31"]
[EventType "swiss (blitz)"]
[EventRounds "11"]
[EventCountry "NET"]
[SourceTitle "CB06_2024"]
[SourceDate "2024.02.07"]
[SourceVersion "1"]
[SourceVersionDate "2024.02.07"]
[SourceQuality "1"]

1. e4 e5 2. Nf3 Nc6 3. Bc4 Bc5 4. b4 Bxb4 5. c3 Ba5 6. d4 d6 7. Qb3 Qd7 8. dxe5 Nxe5 9. Nxe5 dxe5 10. 0-0 Nf6 11. Ba3 Nxe4 12. Rd1 Nd6 13. Bxd6 cxd6 14. Bb5 0-0 15. Bxd7 Bxd7 16. Na3 Be6 17. Qxb7 Bxc3 18. Rac1 Rab8 19. Qa6 Bb2 20. Rc7 d5 21. h3 d4 22. Nc4 Bxc4 23. Qxc4 a5 24. Rb1 h6 25. Qc2 Bc3 26. Rxb8 Rxb8 27. Qf5 Rf8 28. Rc8 1-0

[Event "Swiss Queens Wed #1"]
[Site "FIDE Online Arena INT"]
[Date "2024.01.31"]
[Round "7"]
[White "Zhukova, Natalia"]
[Black "Foisor, Sabina Francesca"]
[Result "1/2-1/2"]
[WhiteElo "2301"]
[BlackElo "2200"]
[PlyCount "94"]
[EventDate "2024.01.31"]
[EventType "swiss (blitz)"]
[EventRounds "11"]
[EventCountry "NET"]
[SourceTitle "CB06_2024"]
[SourceDate "2024.02.07"]
[SourceVersion "1"]
[SourceVersionDate "2024.02.07"]
[SourceQuality "1"]

1. c4 c6 2. d4 d5 3. Nf3 Nf6 4. Nc3 e6 5. Bg5 Nbd7 6. e3 Qa5 7. Nd2 Bb4 8. Rc1 dxc4 9. Bxf6 Nxf6 10. Nxc4 Qg5 11. h4 Qg4 12. Qxg4 Nxg4 13. a3 Be7 14. Be2 Nf6 15. Bf3 0-0 16. 0-0 Nd5 17. g3 h6 18. Rfd1 g5 19. hxg5 hxg5 20. Ne5 Kg7 21. e4 Nxc3 22. Rxc3 f6 23. Nc4 f5 24. exf5 exf5 25. d5 cxd5 26. Bxd5 Rb8 27. Na5 Bd8 28. Nb3 f4 29. Nd4 Bb6 30. Kg2 g4 31. gxf4 Rxf4 32. Rcd3 Bf5 33. R3d2 Rd8 34. Ne6+ Bxe6 35. Bxe6 Rxf2+ 36. Rxf2 Rxd1 37. Bxg4 Bxf2 38. Bxd1 Bd4 39. b3 b6 40. a4 Kf6 41. Kf3 Ke5 42. Be2 a5 43. Bc4 Bc5 44. Bg8 Kd4 45. Bf7 Kc3 46. Bg8 Kb4 47. Bf7 b5 1/2-1/2

[Event "Swiss Queens Wed #1"]
[Site "FIDE Online Arena INT"]
[Date "2024.01.31"]
[Round "11"]
[White "Zhukova, Natalia"]
[Black "Hrebenshchykova, Yelyzaveta"]
[Result "0-1"]
[WhiteElo "2301"]
[BlackElo "2275"]
[PlyCount "68"]
[EventDate "2024.01.31"]
[EventType "swiss (blitz)"]
[EventRounds "11"]
[EventCountry "NET"]
[SourceTitle "CB06_2024"]
[SourceDate "2024.02.07"]
[SourceVersion "1"]
[SourceVersionDate "2024.02.07"]
[SourceQuality "1"]

1. c4 e6 2. Nf3 Nf6 3. g3 d5 4. Bg2 dxc4 5. Qa4+ Nbd7 6. 0-0 Bd6 7. Qxc4 0-0 8. d4 c6 9. Qc2 Qe7 10. Nbd2 e5 11. Nc4 exd4 12. Nxd4 Bc5 13. Nb3 Nb6 14. Nxc5 Qxc5 15. Ne3 Qxc2 16. Nxc2 Rd8 17. e4 Be6 18. b3 a5 19. Be3 Nbd7 20. Nd4 a4 21. Nxe6 fxe6 22. h3 Ne5 23. f4 Nd3 24. Bb6 Rdc8 25. Rfd1 Nb4 26. Rd6 axb3 27. a3 Nc2 28. Rb1 Rxa3 29. Rd3 Ra1 30. Rdxb3 Rxb1+ 31. Rxb1 Na3 32. Rb3 Nc4 33. Bf2 b5 34. Bf1 Nxe4 0-1

[Event "Swiss Queens Wed #1"]
[Site "FIDE Online Arena INT"]
[Date "2024.01.31"]
[Round "9"]
[White "Zhukova, Natalia"]
[Black "Kairbekova, Amina"]
[Result "1-0"]
[WhiteElo "2301"]
[BlackElo "2204"]
[PlyCount "193"]
[EventDate "2024.01.31"]
[EventType "swiss (blitz)"]
[EventRounds "11"]
[EventCountry "NET"]
[SourceTitle "CB06_2024"]
[SourceDate "2024.02.07"]
[SourceVersion "1"]
[SourceVersionDate "2024.02.07"]
[SourceQuality "1"]

1. c4 Nf6 2. Nc3 g6 3. d4 Bg7 4. e4 d6 5. Be2 0-0 6. Nf3 e5 7. 0-0 Bg4 8. Be3 Bxf3 9. Bxf3 exd4 10. Bxd4 Nc6 11. Be3 Nd7 12. Qd2 Re8 13. Be2 Nc5 14. f3 Ne6 15. Rfe1 h5 16. Rad1 h4 17. Bf1 h3 18. g3 Ne5 19. Qe2 Nc6 20. Bxh3 Ncd4 21. Qf2 c5 22. Nd5 Ng5 23. Bg2 Ndxf3+ 24. Kh1 Nxe1 25. Rxe1 Nxe4 26. Qc2 f5 27. Rd1 Nxg3+ 28. hxg3 Kf7 29. Kg1 Qd7 30. Bf2 Be5 31. Nf4 Bxf4 32. gxf4 Qe7 33. Bd5+ Kg7 34. Qc3+ Qf6 35. Qxf6+ Kxf6 36. Be1 Ke7 37. Bc3 Kd7 38. Bxb7 Rab8 39. Bd5 Re3 40. Kf2 Rbe8 41. Bf3 R3e6 42. Rh1 R6e7 43. Rg1 Re6 44. Rd1 Kc7 45. Rh1 R6e7 46. Rh6 Re6 47. Rh7+ R8e7 48. Rh8 Re8 49. Kg3 Rxh8 50. Bxh8 Re1 51. Bc3 Rg1+ 52. Kf2 Ra1 53. a3 Kd7 54. Bd5 Ke7 55. Bf3 Rb1 56. Ke2 Rg1 57. Kf2 Rc1 58. Be2 Rc2 59. Ke3 Rc1 60. Bf3 Rg1 61. Kf2 Ra1 62. Bd5 Rb1 63. Bg2 Rc1 64. Bf1 Rc2+ 65. Be2 Rc1 66. Ke3 Rg1 67. Kd2 Rg3 68. Ke1 Rg1+ 69. Kf2 Rb1 70. Bf3 Kd7 71. Ke2 Kc7 72. Kf2 Rc1 73. Bd5 Rc2+ 74. Kf3 a5 75. Bf7 a4 76. Bxg6 Rc1 77. Bxf5 Rf1+ 78. Kg3 d5 79. cxd5 Kd6 80. Be6 Rg1+ 81. Kf2 Rh1 82. f5 Rh2+ 83. Kg3 Rh1 84. f6 Rf1 85. f7 Ke7 86. Kg2 Rf4 87. Be5 Re4 88. Bd6+ Kxd6 89. f8Q+ Kc7 90. Qf5 Re2+ 91. Kf3 Re1 92. Qf4+ Kb6 93. Qxa4 Rf1+ 94. Ke2 Rh1 95. Qc6+ Ka5 96. Qxc5+ Ka6 97. Bc8# 1-0

[Event "EU-ch Rapid (Women)"]
[Site "Monaco"]
[Date "2024.01.13"]
[Round "5"]
[White "Sliwicka, Alicja"]
[Black "Zhukova, Natalia"]
[Result "1-0"]
[WhiteElo "2311"]
[BlackElo "2301"]
[PlyCount "85"]
[EventDate "2024.01.13"]
[EventType "swiss (rapid)"]
[EventRounds "11"]
[EventCountry "MNC"]
[SourceTitle "CB03_2024"]
[SourceDate "2024.01.17"]
[SourceVersion "1"]
[SourceVersionDate "2024.01.17"]
[SourceQuality "1"]

1. e4 e6 2. d4 d5 3. e5 c5 4. c3 Nc6 5. Nf3 Bd7 6. Bd3 Rc8 7. 0-0 Qb6 8. dxc5 Bxc5 9. b4 Be7 10. a4 Nh6 11. Na3 Ng4 12. Qe2 f6 13. exf6 Nxf6 14. Ng5 Nd8 15. Be3 Qc7 16. Nb5 Qb8 17. Bxa7 Qf4 18. Be3 Qg4 19. Nxh7 Qxe2 20. Nxf6+ gxf6 21. Bxe2 Nf7 22. f4 Kf8 23. Rac1 Kg7 24. c4 Bxb4 25. cxd5 exd5 26. Nc7 Ba5 27. Nxd5 Bc6 28. Ne7 Rce8 29. Nf5+ Kg6 30. Bg4 Bd7 31. Bf2 b6 32. Nh4+ Rxh4 33. Bxd7 Rd8 34. Bxh4 Rxd7 35. Rc6 Rd6 36. f5+ Kg7 37. Rxd6 Nxd6 38. g4 Ne4 39. Rd1 Kf7 40. Rd7+ Ke8 41. Rh7 Bc3 42. Bf2 Ng5 43. Rb7 1-0

[Event "EU-ch Blitz (Women)"]
[Site "Monaco"]
[Date "2024.01.12"]
[Round "5"]
[White "Dornbusch, Tatiana"]
[Black "Zhukova, Natalia"]
[Result "0-1"]
[WhiteElo "2218"]
[BlackElo "2301"]
[PlyCount "51"]
[EventDate "2024.01.12"]
[EventType "swiss (blitz)"]
[EventRounds "13"]
[EventCountry "MNC"]
[SourceTitle "CB03_2024"]
[SourceDate "2024.01.17"]
[SourceVersion "1"]
[SourceVersionDate "2024.01.17"]
[SourceQuality "1"]

1. d4 Nf6 2. Nf3 d5 3. c4 e6 4. Nc3 a6 5. cxd5 exd5 6. Bg5 Be7 7. e3 0-0 8. Bd3 Be6 9. 0-0 Nbd7 10. Ne5 Nxe5 11. dxe5 Ng4 12. Bxe7 Qxe7 13. Nxd5 Qh4 14. h3 Nxe5 15. Nf4 Rad8 16. Qc2 Nxd3 17. Nxd3 Bf5 18. Rfd1 Qg5 19. Qc3 Bxh3 20. Nf4 Bg4 21. Rxd8 Qxd8 22. Rc1 c6 23. f3 Bc8 24. e4 Qg5 25. Qe3 h5 26. Rd1 0-1

[Event "EU-ch Blitz (Women)"]
[Site "Monaco"]
[Date "2024.01.12"]
[Round "13"]
[White "Zhukova, Natalia"]
[Black "Piddubna, Bozhena"]
[Result "1-0"]
[WhiteElo "2301"]
[BlackElo "2035"]
[PlyCount "125"]
[EventDate "2024.01.12"]
[EventType "swiss (blitz)"]
[EventRounds "13"]
[EventCountry "MNC"]
[SourceTitle "CB03_2024"]
[SourceDate "2024.01.17"]
[SourceVersion "1"]
[SourceVersionDate "2024.01.17"]
[SourceQuality "1"]

1. c4 Nf6 2. Nc3 e6 3. e4 d5 4. e5 d4 5. exf6 dxc3 6. bxc3 Qxf6 7. d4 b6 8. Nf3 Bb7 9. Ne5 Bd6 10. Qa4+ c6 11. Nf3 0-0 12. Bd3 h6 13. c5 bxc5 14. Rb1 Bc8 15. 0-0 cxd4 16. cxd4 Bd7 17. Rb7 Rd8 18. Qa5 Bc8 19. Rxa7 Rxa7 20. Qxa7 Nd7 21. Be3 e5 22. dxe5 Nxe5 23. Nxe5 Qxe5 24. g3 Bh3 25. Re1 Qd5 26. Bf1 Bxf1 27. Rxf1 c5 28. Qa5 Ra8 29. Qb6 Rxa2 30. Qd8+ Kh7 31. Bf4 Ra6 32. Qc8 Qc6 33. Qf5+ Kg8 34. Rd1 Be7 35. Rd7 Qe6 36. Qxe6 fxe6 37. Rxe7 Rc6 38. Kg2 c4 39. Be5 c3 40. Rxg7+ Kf8 41. Ra7 c2 42. Bf4 c1Q 43. Bxc1 Rxc1 44. Rh7 Kg8 45. Rxh6 Kf7 46. h4 Rc6 47. Rh7+ Kg6 48. Ra7 Rc2 49. Ra5 Rb2 50. g4 Rc2 51. Kg3 Rc1 52. f3 Rc4 53. Ra6 Kf6 54. Rb6 Ra4 55. Rb8 Rc4 56. Rb1 Ra4 57. Re1 Rb4 58. Re4 Rb1 59. Kf4 Rh1 60. h5 Rh2 61. Kg3 Ra2 62. Ra4 Kg5 63. Rxa2 1-0

[Event "EU-ch Blitz (Women)"]
[Site "Monaco"]
[Date "2024.01.12"]
[Round "9"]
[White "Zimina, Olga"]
[Black "Zhukova, Natalia"]
[Result "0-1"]
[WhiteElo "2291"]
[BlackElo "2301"]
[PlyCount "46"]
[EventDate "2024.01.12"]
[EventType "swiss (blitz)"]
[EventRounds "13"]
[EventCountry "MNC"]
[SourceTitle "CB03_2024"]
[SourceDate "2024.01.17"]
[SourceVersion "1"]
[SourceVersionDate "2024.01.17"]
[SourceQuality "1"]

1. d4 Nf6 2. Nf3 d5 3. g3 c5 4. Bg2 cxd4 5. Nxd4 e5 6. Nb3 Nc6 7. Nc3 d4 8. Ne4 Nxe4 9. Bxe4 Bh3 10. e3 Qd7 11. Bxc6 Qxc6 12. Rg1 0-0-0 13. Qe2 h5 14. Bd2 Bg4 15. Qf1 Bf3 16. Na5 Qe4 17. Qc4+ Kb8 18. Qxf7 dxe3 19. Bxe3 Bb4+ 20. c3 Bxa5 21. Qxg7 Bb6 22. Qg5 Rhg8 23. Qh6 Qd3 0-1

[Event "EU-chT (Women) 24th"]
[Site "Budva"]
[Date "2023.11.20"]
[Round "9.3"]
[White "Zhukova, Natalia"]
[Black "Guichard, Pauline"]
[Result "1/2-1/2"]
[WhiteElo "2308"]
[BlackElo "2347"]
[PlyCount "209"]
[EventDate "2023.11.11"]
[EventType "team-swiss"]
[EventRounds "9"]
[EventCountry "MNE"]
[SourceTitle "CB47_2023"]
[SourceDate "2023.11.22"]
[SourceVersion "1"]
[SourceVersionDate "2023.11.22"]
[SourceQuality "1"]
[WhiteTeam "Ukraine (W)"]
[BlackTeam "France (W)"]
[WhiteTeamCountry "UKR"]
[BlackTeamCountry "FRA"]

1. Nf3 Nf6 2. c4 e6 3. g3 d5 4. Bg2 Be7 5. 0-0 0-0 6. b3 b6 7. Bb2 c5 8. cxd5 Nxd5 9. d4 Bb7 10. Nbd2 Nd7 11. e4 N5f6 12. Qe2 cxd4 13. Nxd4 Rc8 14. Rfd1 Qc7 15. Nc4 Ba6 16. Rac1 Ne5 17. a4 Bxc4 18. bxc4 a6 19. h3 Rfd8 20. Kh2 h5 21. f4 Ng6 22. e5 h4 23. exf6 hxg3+ 24. Kh1 Bxf6 25. Nxe6 Rxd1+ 26. Rxd1 Qxc4 27. Qxc4 Rc7 28. Qc6 Rxc6 29. Bxf6 Rc4 30. f5 gxf6 31. fxg6 fxe6 32. Be4 Kg7 33. Bb7 Rxa4 34. Rd6 e5 35. Rxb6 a5 36. Bc6 Ra1+ 37. Kg2 Kxg6 38. Kxg3 a4 39. Be4+ Kg7 40. Rb7+ Kf8 41. Ra7 a3 42. Kf2 Ra2+ 43. Kg3 Ra1 44. Kf2 Ra2+ 45. Ke3 Ra1 46. Kd2 Ra2+ 47. Ke3 Ra1 48. Bd5 f5 49. Be6 Ke8 50. h4 Rh1 51. Bxf5 Rxh4 52. Rxa3 Ke7 53. Ra6 Rd4 54. Re6+ Kf7 55. Rxe5 Rd1 56. Ra5 Kf6 57. Bd3 Rh1 58. Kd4 Re1 59. Rf5+ Ke6 60. Rg5 Kd6 61. Bc2 Re2 62. Be4 Rd2+ 63. Bd3 Rd1 64. Rg6+ Ke7 65. Ra6 Rd2 66. Ke4 Rd1 67. Rh6 Kd7 68. Bc4 Rd6 69. Rh5 Rd1 70. Bd5 Kd6 71. Rh6+ Kc5 72. Rc6+ Kb5 73. Rc8 Re1+ 74. Kd4 Rd1+ 75. Ke5 Rd2 76. Kd6 Kb4 77. Rb8+ Kc3 78. Kc5 Kd3 79. Rb3+ Ke2 80. Rh3 Kf2 81. Kd6 Re2 82. Rf3+ Ke1 83. Kc5 Rd2 84. Bc4 Rd8 85. Bd5 Ke2 86. Ra3 Kf2 87. Kd4 Rf8 88. Ra2+ Kg3 89. Rg2+ Kh4 90. Ke5 Kh3 91. Rg7 Kh2 92. Ke4 Rc8 93. Kf4 Rf8+ 94. Ke3 Kh3 95. Bf3 Rb8 96. Kf2 Rb4 97. Rg5 Ra4 98. Be2 Rb4 99. Rg1 Kh4 100. Bf3 Rb3 101. Rg4+ Kh3 102. Rd4 Rb2+ 103. Be2 Ra2 104. Rb4 Rc2 105. Rb5 1/2-1/2

[Event "EU-chT (Women) 24th"]
[Site "Budva"]
[Date "2023.11.13"]
[Round "3.4"]
[White "Papp, Petra"]
[Black "Zhukova, Natalia"]
[Result "1/2-1/2"]
[WhiteElo "2283"]
[BlackElo "2308"]
[PlyCount "53"]
[EventDate "2023.11.11"]
[EventType "team-swiss"]
[EventRounds "9"]
[EventCountry "MNE"]
[SourceTitle "CB47_2023"]
[SourceDate "2023.11.22"]
[SourceVersion "1"]
[SourceVersionDate "2023.11.22"]
[SourceQuality "1"]
[WhiteTeam "Hungary (W)"]
[BlackTeam "Ukraine (W)"]
[WhiteTeamCountry "HUN"]
[BlackTeamCountry "UKR"]

1. e4 e6 2. d4 d5 3. e5 c5 4. c3 Nc6 5. Nf3 Bd7 6. Be2 Rc8 7. 0-0 a6 8. Na3 cxd4 9. cxd4 Nge7 10. Nc2 Na7 11. a4 Nec6 12. b3 Nb4 13. Nxb4 Bxb4 14. Bg5 Qb6 15. Rc1 h6 16. Rxc8+ Nxc8 17. Bf4 Ne7 18. Bd3 0-0 19. Bb1 Rc8 20. h4 Ng6 21. Be3 Rc3 22. h5 Nf8 23. Bd2 Rc8 24. Be3 Rc3 25. Bd2 Rc8 26. Be3 Rc3 27. Bd2 1/2-1/2